Memoria en que se manifiesta la legitimidad del crédito de 40 millones de reales, que con los intereses estipulados reclama de la Real Caja de Amortización Mr. Mickel menor... y se demuestra la justicia de su solicitud / (Record no. 54276)

MARC details
000 -LEADER
campo de control de longitud fija 00699nam a22001695i 4500
001 - NÚMERO DE CONTROL
campo de control 54276
003 - IDENTIFICADOR DE NÚMERO DE CONTROL
campo de control ES-MaACL
005 - FECHA Y HORA DE LA ÚLTIMA TRANSACCIÓN
campo de control 20230906162929.0
007 - CAMPO FIJO DE DESCRIPCIÓN FÍSICA--INFORMACIÓN GENERAL
campo de control de longitud fija t|
008 - DATOS DE LONGITUD FIJA--INFORMACIÓN GENERAL
campo de control de longitud fija 960705s1835 sp ||||1| spa d
100 1# - ENTRADA PRINCIPAL--NOMBRE DE PERSONA
Nombre de persona Fleix y Solans, Joaquín.
9 (RLIN) 51165
245 10 - MENCIÓN DEL TÍTULO
Título Memoria en que se manifiesta la legitimidad del crédito de 40 millones de reales, que con los intereses estipulados reclama de la Real Caja de Amortización Mr. Mickel menor... y se demuestra la justicia de su solicitud /
Mención de responsabilidad, etc. por Joaquín Fleix y Solans.
260 ## - PUBLICACIÓN, DISTRIBUCIÓN, ETC.
Lugar de publicación, distribución, etc. Madrid :
Nombre del editor, distribuidor, etc. [s.n.],
Fecha de publicación, distribución, etc. 1835 (
Fabricante Imp. de D. León Amarita)
300 ## - DESCRIPCIÓN FÍSICA
Extensión 89, XLVI p. ;
Dimensiones 20 cm.
650 #4 - PUNTO DE ACCESO ADICIONAL DE MATERIA--TÉRMINO DE MATERIA
Término de materia o nombre geográfico como elemento de entrada Crédito-
Subdivisión geográfica España.
9 (RLIN) 146875
852 4# - LOCALIZACIÓN
Ubicación ES-MaACL
Número de control de estantería T-21-F-2
Holdings
Estatus retirado Estado de pérdida Estado de daño No para préstamo Colección Biblioteca de origen Biblioteca actual Ubicación en estantería Fecha de adquisición Fuente de adquisición Total de préstamos Signatura topográfica completa Código de barras Visto por última vez Precio de reemplazo Tipo de ítem Koha
        Colección de folletos Biblioteca del Ateneo de Madrid Biblioteca del Ateneo de Madrid Depósito folletos 17/01/2008     T-21-F-2 1057037 23/02/2023 23/02/2023 Folleto